| Tag |
First Indicator |
Second Indicator |
Subfields |
| LEADER |
00000cam a2200000 4500 |
| 001 |
in00005740721 |
| 005 |
20260326172724.3 |
| 006 |
m o d |
| 007 |
cr bn||||||ada |
| 008 |
100324s1974 nyua ob 001 0 eng d |
| 010 |
|
|
|z 73007439
|
| 040 |
|
|
|a OCLCE
|b eng
|e pn
|c OCLCE
|d OCLCQ
|d OPELS
|d E7B
|d OCLCQ
|d IDEBK
|d N$T
|d OCLCF
|d OCLCQ
|d YDXCP
|d OCLCQ
|d LEAUB
|d YDX
|d OCLCO
|d LUN
|d S2H
|d OCLCO
|d OCLCQ
|d OCLCO
|d OCLCQ
|d OCLCO
|d OCLCL
|d COA
|d OCLCA
|
| 019 |
|
|
|a 300910018
|a 841809680
|a 987703904
|a 1153644246
|a 1340114334
|a 1466065969
|
| 020 |
|
|
|a 9780120383610
|q (electronic bk.)
|
| 020 |
|
|
|a 0120383616
|q (electronic bk.)
|
| 020 |
|
|
|a 9780323158046
|q (electronic bk.)
|
| 020 |
|
|
|a 0323158048
|q (electronic bk.)
|
| 024 |
8 |
|
|a (WaSeSS)ssj0000786031
|
| 035 |
|
|
|a (OCoLC)568410093
|z (OCoLC)300910018
|z (OCoLC)841809680
|z (OCoLC)987703904
|z (OCoLC)1153644246
|z (OCoLC)1340114334
|z (OCoLC)1466065969
|
| 042 |
|
|
|a dlr
|
| 050 |
|
4 |
|a QD535
|b .A27
|
| 072 |
|
7 |
|a SCI
|x 065000
|2 bisacsh
|
| 082 |
0 |
4 |
|a 536/.443
|
| 084 |
|
|
|a 35.12
|2 bcl
|
| 084 |
|
|
|a UG 3800
|2 rvk
|
| 084 |
|
|
|a UM 3181
|2 rvk
|
| 084 |
|
|
|a UP 1500a
|2 rvk
|
| 084 |
|
|
|a VE 5600
|2 rvk
|
| 084 |
|
|
|a VE 6000
|2 rvk
|
| 049 |
|
|
|a TXAM
|
| 100 |
1 |
|
|a Abraham, Farid F.
|
| 245 |
1 |
0 |
|a Homogeneous nucleation theory
|b the pretransition theory of vapor condensation
|c [by] Farid Fadlow Abraham.
|
| 260 |
|
|
|a New York,
|b Academic Press,
|c 1974.
|
| 300 |
|
|
|a 1 online resource (xiv, 263 pages)
|b illustrations
|
| 336 |
|
|
|a text
|b txt
|2 rdacontent
|
| 337 |
|
|
|a computer
|b c
|2 rdamedia
|
| 338 |
|
|
|a online resource
|b cr
|2 rdacarrier
|
| 347 |
|
|
|a text file
|2 rdaft
|0 http://rdaregistry.info/termList/fileType/1002.
|
| 490 |
1 |
|
|a Advances in theoretical chemistry. Supplement ;
|v 1
|
| 504 |
|
|
|a Includes bibliographical references.
|
| 538 |
|
|
|a Master and use copy. Digital master created according to Benchmark for Faithful Digital Reproductions of Monographs and Serials, Version 1. Digital Library Federation, December 2002.
|u http://purl.oclc.org/DLF/benchrepro0212
|5 MiAaHDL
|
| 583 |
1 |
|
|a digitized
|c 2010
|h HathiTrust Digital Library
|l committed to preserve
|2 pda
|5 MiAaHDL
|
| 588 |
0 |
|
|a Print version record.
|
| 650 |
|
0 |
|a Nucleation.
|
| 650 |
|
0 |
|a Condensation.
|
| 650 |
|
6 |
|a Nucléation.
|
| 650 |
|
6 |
|a Condensation.
|
| 650 |
|
7 |
|a condensation (process)
|2 aat
|
| 650 |
|
7 |
|a SCIENCE
|x Mechanics
|x Thermodynamics.
|2 bisacsh
|
| 650 |
|
7 |
|a Condensation
|2 fast
|
| 650 |
|
7 |
|a Nucleation
|2 fast
|
| 650 |
|
7 |
|a Keimbildung
|2 gnd
|
| 650 |
|
7 |
|a Kondensation
|2 gnd
|
| 650 |
1 |
7 |
|a Condensatie.
|2 gtt
|
| 650 |
1 |
7 |
|a Thermodynamica.
|2 gtt
|
| 650 |
1 |
7 |
|a Statistische methoden.
|2 gtt
|
| 650 |
1 |
7 |
|a Monte Carlo-methode.
|2 gtt
|
| 650 |
1 |
7 |
|a Kiemvorming.
|2 gtt
|
| 650 |
|
7 |
|a Nucléation.
|2 ram
|
| 650 |
|
7 |
|a Condensation.
|2 ram
|
| 650 |
|
7 |
|a Nucleation.
|2 nli
|
| 653 |
|
0 |
|a Condensation
|
| 653 |
|
0 |
|a Nucleation
|
| 655 |
|
7 |
|a Electronic books.
|2 local
|
| 710 |
2 |
|
|a ScienceDirect (Online service)
|
| 758 |
|
|
|i has work:
|a Homogeneous nucleation theory (Text)
|1 https://id.oclc.org/worldcat/entity/E39PCGPwyWjRH8BDhPKWpjQ3Xq
|4 https://id.oclc.org/worldcat/ontology/hasWork
|
| 776 |
0 |
8 |
|i Print version:
|a Abraham, Farid F.
|t Homogeneous nucleation theory.
|d New York, Academic Press, 1974
|w (DLC) 73007439
|w (OCoLC)886141
|
| 830 |
|
0 |
|a Advances in theoretical chemistry.
|p Supplement ;
|v 1.
|
| 856 |
4 |
0 |
|u http://proxy.library.tamu.edu/login?url=https://www.sciencedirect.com/science/book/9780120383610
|z Connect to the full text of this electronic book
|t 0
|
| 955 |
|
|
|a Elsevier ScienceDirect 2026-2027
|
| 994 |
|
|
|a 92
|b TXA
|
| 999 |
f |
f |
|i e25d7283-dd3f-4830-a9cb-bb2003cd20db
|s 3940b551-5027-4fdb-b0c8-72fc78c19fd0
|t 0
|
| 952 |
f |
f |
|a Texas A&M University
|b College Station
|c Electronic Resources
|s www_evans
|d Available Online
|t 0
|e QD535 .A27
|h Library of Congress classification
|
| 998 |
f |
f |
|a QD535 .A27
|t 0
|l Available Online
|